| 000 -LEADER |
| fixed length control field |
02602cam a2200517 i 4500 |
| 001 - CONTROL NUMBER |
| control field |
18524020 |
| 005 - DATE AND TIME OF LATEST TRANSACTION |
| control field |
20190406020056.0 |
| 008 - FIXED-LENGTH DATA ELEMENTS--GENERAL INFORMATION |
| fixed length control field |
150311t20162015txu 000 1 eng d |
| 010 ## - LIBRARY OF CONGRESS CONTROL NUMBER |
| LC control number |
2015935847 |
| 020 ## - INTERNATIONAL STANDARD BOOK NUMBER |
| International Standard Book Number |
9781941920046 (pbk. : acidfree paper) |
| 020 ## - INTERNATIONAL STANDARD BOOK NUMBER |
| International Standard Book Number |
1941920047 (pbk. : acidfree paper) |
| 020 ## - INTERNATIONAL STANDARD BOOK NUMBER |
| Canceled/invalid ISBN |
9781941920053 (ebk.) |
| 035 ## - SYSTEM CONTROL NUMBER |
| System control number |
(OCoLC)ocn903424779 |
| 040 ## - CATALOGING SOURCE |
| Original cataloging agency |
YDXCP |
| Language of cataloging |
eng |
| Transcribing agency |
YDXCP |
| Description conventions |
rda |
| Modifying agency |
BDX |
| -- |
OCLCQ |
| -- |
BTCTA |
| -- |
LEB |
| -- |
CDU |
| -- |
OCLCO |
| -- |
NYP |
| -- |
UOK |
| -- |
CGP |
| -- |
OCLCF |
| -- |
OCLCO |
| -- |
MNY |
| -- |
IDU |
| -- |
OCLCO |
| -- |
ZYU |
| -- |
VP@ |
| -- |
DLC |
| 041 1# - LANGUAGE CODE |
| Language code of text/sound track or separate title |
eng |
| Language code of original |
fre |
| 042 ## - AUTHENTICATION CODE |
| Authentication code |
lccopycat |
| 043 ## - GEOGRAPHIC AREA CODE |
| Geographic area code |
f------ |
| 050 00 - LIBRARY OF CONGRESS CALL NUMBER |
| Classification number |
PQ3989.3 |
| Item number |
.M94T7313 2015 |
| 100 1# - MAIN ENTRY--PERSONAL NAME |
| Personal name |
Mwanza Mujila, Fiston, |
| Dates associated with a name |
1981- |
| Relator term |
author. |
| 240 10 - UNIFORM TITLE |
| Uniform title |
<a href="Tram 83.">Tram 83.</a> |
| Language of a work |
English |
| 245 10 - TITLE STATEMENT |
| Title |
Tram 83 / |
| Statement of responsibility, etc. |
Fiston Mwanza Mujila ; translated from the French by Roland Glasser ; foreword by Alain Mabanckou. |
| 246 3# - VARYING FORM OF TITLE |
| Title proper/short title |
Tram eighty-three |
| 250 ## - EDITION STATEMENT |
| Edition statement |
Special Etisalat edition. |
| 300 ## - PHYSICAL DESCRIPTION |
| Extent |
211 p. ; |
| Dimensions |
21 cm |
| 500 ## - GENERAL NOTE |
| General note |
Originally published in French as: Tram 83. Paris : Éditions Métailié, 2014. |
| 520 ## - SUMMARY, ETC. |
| Summary, etc. |
Exceptional debut Congolese novel uses jazz rhythm to evoke the frenzied exploitation of land and people in contemporary Africa. |
| 520 ## - SUMMARY, ETC. |
| Summary, etc. |
"In an unnamed African city in secession, profit-seekers of all languages and nationalities mix. They have only one desire: to make a fortune by exploiting the mineral wealth of the land. Two friends: Lucien, a writer with literary ambitions home from abroad, and his childhood firend Requiem, who dreams of taking over the seedy underworld of their hometown, gather in the most notorious nightclub in town: the Tram 83."--back cover. |
| 650 #0 - SUBJECT ADDED ENTRY--TOPICAL TERM |
| Topical term or geographic name as entry element |
Gold mines and mining |
| Geographic subdivision |
Africa |
| Form subdivision |
Fiction. |
| 650 #0 - SUBJECT ADDED ENTRY--TOPICAL TERM |
| Topical term or geographic name as entry element |
Nightclubs |
| Geographic subdivision |
Africa |
| Form subdivision |
Fiction. |
| 650 #0 - SUBJECT ADDED ENTRY--TOPICAL TERM |
| Topical term or geographic name as entry element |
Outlaws |
| Geographic subdivision |
Africa |
| Form subdivision |
Fiction. |
| 650 #7 - SUBJECT ADDED ENTRY--TOPICAL TERM |
| Topical term or geographic name as entry element |
Gold mines and mining. |
| Source of heading or term |
fast |
| 650 #7 - SUBJECT ADDED ENTRY--TOPICAL TERM |
| Topical term or geographic name as entry element |
Nightclubs. |
| Source of heading or term |
fast |
| 650 #7 - SUBJECT ADDED ENTRY--TOPICAL TERM |
| Topical term or geographic name as entry element |
Outlaws. |
| Source of heading or term |
fast |
| 651 #7 - SUBJECT ADDED ENTRY--GEOGRAPHIC NAME |
| Geographic name |
Africa. |
| Source of heading or term |
fast |
| 655 #7 - INDEX TERM--GENRE/FORM |
| Genre/form data or focus term |
Fiction. |
| Source of term |
fast |
| 700 1# - ADDED ENTRY--PERSONAL NAME |
| Personal name |
Glasser, Roland, |
| Relator term |
translator. |
| 700 1# - ADDED ENTRY--PERSONAL NAME |
| Personal name |
Mabanckou, Alain, |
| Dates associated with a name |
1966- |
| Relator term |
writer of foreword. |
| 942 ## - ADDED ENTRY ELEMENTS (KOHA) |
| Source of classification or shelving scheme |
|
| Koha item type |
Hard Covered Materials |
| Classification part |
PR3989.3 .M94T7313 2015 |
| Koha issues (borrowed), all copies |
113 |